Estatísticas para Municípios da Paraíba

Clique aqui para jogar o quiz

Estatísticas Gerais

  • Esse quiz foi jogado 110 vezes
  • A pontuação média é 75 de 223

Estatísticas das Respostas

PopulaçãoMunicípio% Correto
723.515João Pessoa
98%
385.213Campina Grande
94%
100.674Patos
86%
58.446Cajazeiras
79%
65.803Sousa
79%
23.829Areia
75%
55.326Guarabira
75%
4.681Lagoa
75%
28.479Alagoa Grande
71%
57.944Cabedelo
71%
30.852Monteiro
71%
120.310Santa Rita
71%
99.716Bayeux
70%
32.110Pombal
70%
19.978Cuité
68%
41.049Queimadas
68%
21.400Conde
66%
31.095Esperança
66%
50.143Sapé
66%
21.851Bananeiras
65%
25.900Lagoa Seca
65%
19.681Alagoa Nova
63%
42.303Mamanguape
63%
18.879Araruna
61%
26.693Solânea
61%
21.176Mari
60%
14.719Santa Luzia
58%
8.012Baía da Traição
56%
17.581Remígio
56%
13.739Soledade
56%
28.759Catolé do Rocha
55%
23.192Itaporanga
55%
3.266Riachão
55%
16.748Cacimba de Dentro
54%
22.976Rio Tinto
54%
16.060Sumé
54%
18.180Ingá
53%
24.481Itabaiana
53%
18.222Picuí
53%
21.283Princesa Isabel
53%
16.776Juazeirinho
50%
16.888Boqueirão
49%
5.035Cabaceiras
49%
7.748São Mamede
49%
12.653Arara
48%
17.032Pocinhos
48%
13.576Alagoinha
46%
15.149Coremas
46%
27.032Pedras de Fogo
46%
14.157Barra de Santa Rosa
45%
17.093Belém
45%
18.007Alhandra
44%
30.879São Bento
44%
19.096São José de Piranhas
44%
6.643Junco do Seridó
43%
10.533Nova Floresta
43%
15.465Piancó
43%
14.936Taperoá
43%
14.153Teixeira
43%
7.676Aparecida
41%
6.584Condado
41%
6.889Cuitegi
41%
7.370Lagoa de Dentro
41%
11.730Lucena
41%
6.978Pilões
41%
18.363Conceição
40%
11.405Fagundes
40%
5.613Malta
40%
14.584Uiraúna
40%
19.082Aroeiras
39%
1.771Coxixola
39%
18.201São João do Rio do Peixe
39%
6.616Diamante
38%
13.872Gurinhém
38%
12.902Massaranduba
38%
10.326Pirpirituba
38%
4.264Riachão do Bacamarte
38%
8.314Riacho dos Cavalos
38%
13.123Brejo do Cruz
36%
9.546Cachoeira dos Índios
36%
12.973Serra Branca
36%
6.470Areial
35%
8.206Barra de Santana
35%
6.227Boa Vista
35%
16.997Itapororoca
35%
7.459Juarez Távora
35%
7.475Pedra Lavrada
35%
17.224Araçagi
34%
3.522Assunção
34%
17.024Pitimbu
34%
20.362Caaporã
33%
3.033Cajazeirinhas
33%
12.923Puxinanã
33%
11.041São Sebastião de Lagoa de Roça
33%
2.366Algodão de Jandaíra
31%
5.611Barra de São Miguel
31%
16.257Cruz do Espírito Santo
31%
10.517Dona Inês
31%
6.173Marizópolis
31%
12.491Mogeiro
31%
9.298Umbuzeiro
31%
9.449Água Branca
30%
5.111Borborema
30%
5.637Caldas Brandão
30%
4.990Montadas
30%
10.804Bonito de Santa Fé
29%
2.841Lastro
29%
11.191Pilar
29%
4.344São João do Cariri
29%
7.564São José da Lagoa Tapada
29%
10.262Tacima
29%
5.601Capim
28%
4.900Damião
28%
10.759Manaíra
28%
4.508Monte Horebe
28%
4.361Nova Palmeira
28%
9.220Triunfo
28%
2.075Zabelê
28%
4.220Baraúna
26%
7.220Caiçara
26%
4.812Catingueira
26%
3.159Gurjão
26%
13.942Jacaraú
26%
7.164Livramento
26%
7.407Mataraca
26%
5.155Pilõezinhos
26%
3.854Prata
26%
7.373Sobrado
26%
5.749Camalaú
25%
4.687Congo
25%
6.866Cubati
25%
6.202Cuité de Mamanguape
25%
3.638Duas Estradas
25%
6.031Ibiara
25%
7.538Jericó
25%
7.609Marcação
25%
4.321Matinhas
25%
9.469Mulungu
25%
5.369Santa Helena
25%
2.855São Domingos
25%
5.530Aguiar
24%
7.058Casserengue
24%
7.991Desterro
24%
2.933Frei Martinho
24%
5.939Maturéia
24%
7.280Nazarezinho
24%
11.788Paulista
24%
4.138São Bentinho
24%
7.050Serra Redonda
24%
2.088Amparo
23%
9.826Juru
23%
3.942Logradouro
23%
10.566Natuba
23%
6.070Nova Olinda
23%
3.627Olivedos
23%
14.103Tavares
23%
3.557Cacimba de Areia
21%
8.376Gado Bravo
21%
10.201Itatuba
21%
6.931Olho d'Água
21%
11.976Salgado de São Félix
21%
6.471Santa Cruz
21%
3.204Serra da Raiz
21%
6.238Serraria
21%
4.395Sertãozinho
21%
5.239Alcantil
20%
2.400Bom Jesus
20%
3.317Emas
20%
11.352Imaculada
20%
2.928Ouro Velho
20%
3.721Pedra Branca
20%
3.539Santa Inês
20%
7.266Santana dos Garrotes
20%
2.638Santo André
20%
2.504Várzea
20%
5.045Vieirópolis
20%
7.143Belém do Brejo do Cruz
19%
5.751Boa Ventura
19%
5.035Bom Sucesso
19%
10.237Juripiranga
19%
4.019Mãe d'Água
19%
2.702Mato Grosso
19%
5.765Pedro Régis
19%
4.581Santa Teresinha
19%
3.364São Francisco
19%
3.169Sossêgo
19%
3.899Caraúbas
18%
2.378Carrapateira
18%
5.209Curral de Cima
18%
2.505Curral Velho
18%
1.256Parari
18%
4.543Caturité
16%
6.156Igaracy
16%
1.699Quixabá
16%
3.235São Sebastião do Umbuzeiro
16%
1.927Areia de Baraúnas
15%
3.075Bernardino Batista
15%
6.814Cacimbas
15%
4.396São João do Tigre
15%
4.760São José de Espinharas
15%
6.696São Miguel de Taipu
15%
2.615Joca Claudino
14%
6.010São José de Caiana
14%
4.010São José do Sabugi
14%
5.508São José dos Ramos
14%
2.813Tenório
14%
6.198Brejo dos Santos
13%
2.233Passagem
13%
3.751Poço Dantas
13%
3.508Salgadinho
13%
6.658Santa Cecília
13%
10.230Seridó
13%
4.164Riachão do Poço
11%
5.331Santana de Mangueira
11%
2.420São Domingos do Cariri
11%
3.233São José do Bonfim
11%
1.684São José do Brejo do Cruz
11%
2.975Serra Grande
11%
3.512Vista Serrana
11%
3.985São José dos Cordeiros
10%
3.978Poço de José de Moura
9%
1.722Riacho de Santo Antônio
9%
4.219São José de Princesa
9%

Distribuição das Pontuações

Percentil de Números Respondidos

Porcentagem de Pessoas com Cada Pontuação

Sua Pontuação Histórica

Você não jogou esse quiz